01276naa a22003137a 4500001001000000003000900010005001700019007000300036008003400039040005400073041000900127072001400136090001800150100001900168245004600187260003700233500014100270650000800411650002400419650001400443650001700457650001700474650001400491773023900505909003600744942001400780999001900794952014900813BR8302984BR-BrBNA20240918175301.0ta230509b bl.||||| |||| 00| 0 por d aBR-BrBNAbporcBiblioteca Nacional de Agricultura a(Pt) aQ10b9600 aQ10 BR83029841 aKusunoki, A.S.1 aOvos [estocagem, preservacao de alimento]3 aSao Paulo, SP (Brasil): c1983.  aNeves Filho, L. de C. (ed.) Armazenamento de generos e produtos alimenticios Sao Paulo, SP (Brasil): 1983. p. 175-200 (BR8302984-AM)Q10  aOVO aANALISE QUALITATIVA aESTOCAGEM aRESFRIAMENTO aCONGELAMENTO aEMBALAGEM0 tArmazenamento de generos e produtos alimenticiosaNeves Filho, L. de C. (ed.). Secretaria da Industria, Comercio, Ciencia e Tecnologia do Estado de Sao Paulo, Sao Paulo (Brasil)wQ10 BR8302984gSao Paulo, SP (Brasil), 1983. p. 175-200 a202404bLuciac55dLucia Elande cAM2AGRIS c316013d316013 002AGRIS40708Acervo Gerala41918b41918cAgrobasel0o9000 BR8302976r2024-05-20t01yAM10d2024-04-11ePortaria Interministerial nÂș 164/94